000 00808nam a2200217Ia 4500
008 130821s1985 ck gr spa
020 _a9589057020
040 _aCo-BoUCM
_bspa
041 0 0 _aspa
100 1 _aCifuentes Muñoz, Eduardo
_951912
245 1 3 _aEl concepto de valor Reflexiones criticas a la luz del derecho comparado y del derecho Colombiano
_cEduardo Cifuentes Muñoz
260 _aBogotá (Colombia)
_bUniandes
_c1985
300 _a129 páginas
490 _aEstudios legales sobre el mercado de valores
650 0 4 _aDerecho comercial
_912717
650 0 4 _aDerecho comercial
_zColombia
_933552
650 0 4 _aDerecho privado
_9437
650 0 4 _aTítulos valores
_xLegislación
_zColombia
_928045
942 _cLIBRO
_a24
_e1
_mC43
_2DEWEY
_h346.092
999 _c35954
_d35954